Normal view
MARC view
Entry Personal Name
001 - CONTROL NUMBER
- control field: 4980
003 - CONTROL NUMBER IDENTIFIER
- control field: RIC
005 - DATE AND TIME OF LATEST TRANSACTION
- control field: 20260106165604.0
008 - FIXED-LENGTH DATA ELEMENTS
- fixed length control field: 260106|| aca||aabn | a|a d
040 ## - CATALOGING SOURCE
- Original cataloging agency: RIC
- Transcribing agency: RIC
100 ## - HEADING--PERSONAL NAME
- Personal name: A. Samad Said, (Abdul Samad Said), Dato',
- Dates associated with a name: 1935-
670 ## - SOURCE DATA FOUND
- Source citation: Work cat.: (RIC)3132: A. Samad Said, (Abdul Samad Said), Dato', 1935- , Sungai Mengalir Lesu /